000
00291nam a2200121 4500
020
_a
056402843
082
0
_a
225.5
242
0
0
_b
The New Testament in Shilluk
245
1
1
_a
Wänyi jwɔk mɛn nyan
260
_a
Khartoum
_b
United Bible Societies
_c
c.1977
300
_a
647 p.
942
_2
ddc
_c
BK
999
_c
64592
_d
64566